| 000 | 01006nam a2200289 i 4500 | ||
|---|---|---|---|
| 003 | EG-ScBUE | ||
| 005 | 20230717104840.0 | ||
| 008 | 180311s1973 enka f b 000 0 eng d | ||
| 020 | _a0435351656 | ||
| 040 |
_aEG-ScBUE _beng _erda _cEG-ScBUE _dEG-ScBUE |
||
| 082 | 0 | 4 |
_222 _a910.03 _bSTU |
| 245 | 0 | 0 |
_aStudies in human geography / _cedited by Michael Chisholm, Brian Rodgers. |
| 264 | 1 |
_aLondon : _bSocial Science Research Council : _bHeinemann Educational Books Ltd., _c1973. |
|
| 300 |
_aix, 305 pages : _billustrations ; _c24 cm. |
||
| 336 |
_2rdacontent _atext _btxt |
||
| 337 |
_2rdamedia _aunmediated _bn |
||
| 338 |
_2rdacarrier _avolume _bnc |
||
| 490 | 0 | _aReviews of current research | |
| 504 | _aIncludes bibliographical references. | ||
| 650 | 7 |
_aHuman geography. _2BUEsh _924253 |
|
| 650 | 7 |
_910163 _aCities and towns. _2BUEsh |
|
| 653 |
_bGGEN _cMarch2018 |
||
| 655 | _vReading book | ||
| 700 | 1 |
_aChisholm, Michael, _d1931- _eeditor. |
|
| 700 | 1 |
_aRodgers, Brian, _eeditor. |
|
| 942 |
_2ddc _cBB |
||
| 999 |
_c26265 _d26237 |
||